HTML a XHTML kompletní průvodce

Guardado en:
Detalles Bibliográficos
Autor principal: Musciano, Chuck
Otros Autores: Kennedy, Bill
Formato: Libro
Lenguaje:checo
Publicado: Praha Computer Press 2000
Materias:
Etiquetas: Agregar Etiqueta
Sin Etiquetas, Sea el primero en etiquetar este registro!

MARC

LEADER 00000nam a2200000 4500
001 c132669
005 20240208073250.8
020 |a 80-7226-407-9 
041 0 |a cze 
044 |a CZ 
245 1 0 |a HTML a XHTML  |b kompletní průvodce  |c Chuck Musciano & Bill Kennedy 
264 1 |a Praha  |b Computer Press  |c 2000 
300 |a 633 s. 
610 2 0 |a softvér 
610 2 0 |a siete počítačové 
610 2 0 |a programovanie 
610 2 0 |a internet 
610 2 0 |a jazyky programovacie 
100 1 |a Musciano, Chuck 
700 1 |a Kennedy, Bill